Statistics for Interpunkční znaménka a další symboly

Click here to take the quiz!

General Stats

  • This quiz has been taken 185 times
  • The average score is 21 of 31

Answer Stats

SymbolNázev% Correct
,čárka
100%
?otazník
100%
.tečka
100%
euro
98%
%procento
98%
!vykřičník
98%
$dolar
96%
:dvojtečka
95%
@zavináč
94%
pomlčka
92%
„“uvozovky
92%
*hvězdička
91%
£libra
83%
#křížek, mřížka, hashtag
81%
/lomítko
77%
[ ]hranaté závorky
74%
promile
74%
'apostrof, odsuvník
69%
( )kulaté závorky
67%
bitcoin
63%
=rovnítko
59%
;středník
58%
§paragraf
56%
©copyright
40%
{ }složené závorky
38%
~vlnovka, tilda
29%
-spojovník
27%
...výpustka
23%
&ampersand, et
13%
\zpětné lomítko
13%
‽, ?!, !?interrobang (interabang)
2%

Score Distribution

Percentile by Number Answered

Percent of People with Each Score

Your Score History

You have not taken this quiz